• 首页
  • 本馆介绍
  • 公告通知
  • 最新文献
  • 馆藏检索
  • 电子资源
  • 读者导购
  • 参考咨询
  • 我的图书馆
  • 登录
  • 详细信息显示
  • 放入我的书架
  • 预约/预借图书
  • 作者相关作品
  • 分类相关作品
  • 丛书相关作品
  • 出版社相关作品

书目信息

  • 表格格式
  • 工作单格式
  • 卡片格式
题名:
真空物理
    
 
作者: 高本辉 , 崔素言同 著
分册:  
出版信息: 北京   科学出版社  1983.12
页数: 617页
开本: 20cm
丛书名:
单 册:
中图分类: O46
科图分类:
主题词: 真空电子学 , 电子物理学
电子资源:
ISBN:
000 00571nam0 2200217 45
001 0312221749
005 20040701100411.5
010    @dCNY3.65
100    @a20031222d1983 km y0chiy0120 ea
101    @achi
105    @a z 000yy
200 1  @a真空物理@AZhen Kong Wu Li@f高本辉,崔素言同著@FGao Ben Hui,Cui Su Yan Tong Zhu
210    @a北京@c科学出版社@d1983.12
215    @a617页@d20cm
606 0  @a真空电子学
606 0  @a电子物理学
690    @aO46@v3
701 0  @a高本辉@4著
701 0  @a崔素言同@4著
801    @aCN@bTSTCL@c20031222
905    @f1@b97453@dO46@e3
    
    真空物理/高本辉,崔素言同著.-北京:科学出版社,1983.12
    617页;20cm
    
    
    ISBN :CNY3.65
    
●
相关链接 在E读中查询图书 在五车中查询图书 在当当中查询图书 在豆瓣中查询图书


正题名:真空物理     索取号:O46/3         预约/预借

序号 登录号 条形码 馆藏地/架位号 状态 备注
1 0097453   001943865   第三借阅区/ [索取号:O46/3] 在馆    
2 0097454   001454429   第二样本阅览室/ [索取号:O46/3] 在馆    
唐山师范学院图书馆 欢迎您!
大连网信软件有限公司© 版权所有